000 00482nam a22001457a 4500
008 131213b xxu||||| |||| 00| 0 eng d
020 _a0232524122
050 _aBV250.W714 2001
245 _aFirst Light
_bPrayers from New Christian Communities
_cedited by Eldred Willey; foreword by David Adam
260 _aLondon
_bDarton, Longman and Todd Ltd
_c2001
300 _ax, 213p.;
_c24cm.
650 _aPrayers
_95662
700 _aWilley, Eldred (ed.)
_95663
942 _2lcc
_cMONOGRAPH
999 _c119247
_d119247